Sports Quiz

Random Sports or Clickable Quiz
Score 0/40 Timer 04:00
4 Plays Today
% Correct
​Tiger
96.8%
​Arnold
92.3%
​Rory
91.8%
​Vijay
89.1%
​Ernie
88.3%
​Jordan
87.7%
​Sergio
87.4%
​Gary
83.9%
​Jim
83.4%
​Hideki
82.7%
Ángel
82.4%
​Nick
82%
​Davis
80.8%
​Greg
80.4%
​Dustin
78.8%
​Pádraig
78.6%
​Ben
77%
​Annika
76%
​Henrik
75.1%
​Lee
74.8%
% Correct
​Sam
74.2%
​Retief
72.9%
​Seve
72.8%
​Colin
72.6%
​Louis
70.8%
​Bernhard
70.8%
​Brandt
70%
​Luke
68.3%
​Fuzzy
67.4%
​Martin
67%
​Fred
64.1%
​Charl
62.3%
​Boo
62.2%
​Jesper
61.9%
​Ian
59.6%
​Sandy
57.9%
​Inbee
51.5%
​Anna
48.2%
​Victor
43.9%
​Dicky
39.3%
Remove Ads.
Support Sporcle.
Get the best of Sporcle when you Go Orange. This ad-free experience offers more features, more stats, and more fun while also helping to support Sporcle. Thank you for becoming a member.

You're not logged in!

Compare scores with friends on all Sporcle quizzes.
OR
Log In

Show Comments

Extras

Top Quizzes Today


Score Distribution

Your Account Isn't Verified!

In order to create a playlist on Sporcle, you need to verify the email address you used during registration. Go to your Sporcle Settings to finish the process.

Report this User

Report this user for behavior that violates our Community Guidelines.

Details: